00269nam a22000977a 450000500170000000800410001702000150005804000080007324500470008126000430012820200930113827.0200930b ||||| |||| 00| 0 eng d a0723213380 cCML aFlags of the World.cBarraclough, E. M. C. aLondonbFrederick Warne & Co Ltdc1971